[Event "WC-2022-S-00003"]
[Site "LSS email"]
[Date "2022.06.21"]
[Round "?"]
[White "Lelito, Jerzy"]
[Black "Koch, Christian"]
[Result "1/2-1/2"]
[WhiteElo "2331"]
[BlackElo "2320"]
[PlyCount "33"]
[EventDate "2022.06.21"]
[EventType "tourn (corr)"]
[EventRounds "12"]
[EventCountry "GER"]
[SourceTitle "Corr 2024"]
[Source "ChessBase"]
[SourceDate "2023.10.19"]
[SourceVersion "1"]
[SourceVersionDate "2023.10.19"]
[SourceQuality "1"]

1. e4 c5 2. Nf3 d6 3. d4 cxd4 4. Nxd4 Nf6 5. Nc3 a6 6. f3 e5 7. Nb3 Be6 8. Be3 h5 9. Qd2 Nbd7 10. 0-0-0 Be7 11. Kb1 Rc8 12. Bd3 b5 13. f4 Nb6 14. fxe5 dxe5 15. Qf2 Nbd7 16. Nd5 Ng4 17. Qf3 1/2-1/2

[Event "WC-2022-S-00003"]
[Site "LSS email"]
[Date "2022.06.21"]
[Round "?"]
[White "Lelito, Jerzy"]
[Black "Muniz, Alberto"]
[Result "1/2-1/2"]
[WhiteElo "2331"]
[BlackElo "2303"]
[PlyCount "35"]
[EventDate "2022.06.21"]
[EventType "tourn (corr)"]
[EventRounds "12"]
[EventCountry "GER"]
[SourceTitle "Corr 2024"]
[Source "ChessBase"]
[SourceDate "2023.10.19"]
[SourceVersion "1"]
[SourceVersionDate "2023.10.19"]
[SourceQuality "1"]

1. e4 e5 2. Nf3 Nc6 3. Bb5 Nf6 4. d3 Bc5 5. 0-0 Nd4 6. Nxd4 Bxd4 7. c3 Bb6 8. Nd2 c6 9. Ba4 0-0 10. Nf3 d6 11. h3 h6 12. Re1 Re8 13. Bc2 d5 14. exd5 Qxd5 15. d4 exd4 16. Rxe8+ Nxe8 17. Nxd4 Nf6 18. Be3 1/2-1/2

[Event "WC-2022-S-00003"]
[Site "LSS email"]
[Date "2022.06.21"]
[Round "?"]
[White "Podvoysky, Evgeny"]
[Black "Lelito, Jerzy"]
[Result "1/2-1/2"]
[WhiteElo "2314"]
[BlackElo "2331"]
[PlyCount "60"]
[EventDate "2022.06.21"]
[EventType "tourn (corr)"]
[EventRounds "12"]
[EventCountry "GER"]
[SourceTitle "Corr 2024"]
[Source "ChessBase"]
[SourceDate "2023.10.19"]
[SourceVersion "1"]
[SourceVersionDate "2023.10.19"]
[SourceQuality "1"]

1. e4 e5 2. Nf3 Nc6 3. Bb5 a6 4. Ba4 Nf6 5. 0-0 Be7 6. Re1 b5 7. Bb3 0-0 8. c3 d6 9. h3 Na5 10. Bc2 c5 11. d4 Qc7 12. Nbd2 cxd4 13. cxd4 Nc6 14. a3 exd4 15. Nb3 Ne5 16. Nbxd4 Re8 17. Bf4 Bf8 18. Rc1 Qb6 19. Bg5 Nfd7 20. Be3 Nc4 21. Nf5 Nxe3 22. Nxe3 Nf6 23. Bb3 h6 24. Qd3 Ra7 25. Nd5 Nxd5 26. Bxd5 Rc7 27. Qd4 Qb8 28. b4 Be6 29. Bxe6 Rxe6 30. g3 Re8 1/2-1/2

[Event "WC-2022-S-00003"]
[Site "LSS email"]
[Date "2022.06.21"]
[Round "?"]
[White "Sadowski, Marek"]
[Black "Lelito, Jerzy"]
[Result "1/2-1/2"]
[WhiteElo "2301"]
[BlackElo "2331"]
[PlyCount "93"]
[EventDate "2022.06.21"]
[EventType "tourn (corr)"]
[EventRounds "12"]
[EventCountry "GER"]
[SourceTitle "Corr 2024"]
[Source "ChessBase"]
[SourceDate "2023.10.19"]
[SourceVersion "1"]
[SourceVersionDate "2023.10.19"]
[SourceQuality "1"]

1. e4 e5 2. Nf3 Nc6 3. Bb5 a6 4. Ba4 Nf6 5. 0-0 Be7 6. Re1 b5 7. Bb3 0-0 8. h3 d6 9. c3 Na5 10. Bc2 c5 11. d4 Qc7 12. Nbd2 cxd4 13. cxd4 Nc6 14. a3 exd4 15. Nb3 Ne5 16. Nbxd4 Re8 17. Bf4 Bf8 18. Bg5 Nfd7 19. Rc1 Qb6 20. Nxe5 Nxe5 21. Nf5 Nc4 22. b3 Nxa3 23. Bd3 Bxf5 24. exf5 Rxe1+ 25. Qxe1 d5 26. f6 g6 27. Qe5 Qd6 28. Qxd6 Bxd6 29. Rc6 Bb4 30. Rc7 a5 31. Rd7 Bc3 32. Rxd5 h6 33. Bxh6 Bxf6 34. Bxb5 Nxb5 35. Rxb5 a4 36. bxa4 Rxa4 37. g3 Bd4 38. Rd5 f5 39. Kf1 Kf7 40. Bf4 Bf6 41. Kg2 g5 42. Bc1 Ke6 43. Rd3 Rc4 44. Bd2 g4 45. h4 f4 46. Bxf4 Bxh4 47. gxh4 1/2-1/2

[Event "WC-2020-S-00003"]
[Site "LSS email"]
[Date "2020.06.08"]
[Round "?"]
[White "Lelito, Jerzy"]
[Black "Aberbach Peltzman, Angel"]
[Result "1/2-1/2"]
[WhiteElo "2269"]
[BlackElo "2266"]
[PlyCount "67"]
[EventDate "2020.06.08"]
[EventType "tourn (corr)"]
[EventRounds "12"]
[EventCountry "GER"]
[SourceTitle "Corr 2024"]
[Source "ChessBase"]
[SourceDate "2023.10.19"]
[SourceVersion "1"]
[SourceVersionDate "2023.10.19"]
[SourceQuality "1"]

1. e4 c5 2. Nf3 d6 3. d4 cxd4 4. Nxd4 Nf6 5. Nc3 a6 6. Be3 e5 7. Nb3 Be6 8. f3 Be7 9. Qd2 0-0 10. 0-0-0 Nbd7 11. g4 b5 12. g5 Nh5 13. Nd5 Bxd5 14. exd5 f5 15. Rg1 f4 16. Bf2 Bxg5 17. Bh3 Be7 18. Na5 Kh8 19. Nc6 Qe8 20. Kb1 g6 21. Qa5 Rf7 22. Rc1 Ng7 23. Be6 Rf6 24. Nxe7 Qxe7 25. Bh4 Nxe6 26. Bxf6+ Nxf6 27. dxe6 Qxe6 28. Qb6 Re8 29. Qxa6 e4 30. Rgd1 d5 31. Qxb5 Qe5 32. Qe2 g5 33. h3 Kg7 34. c4 1/2-1/2

[Event "WC-2020-S-00003"]
[Site "LSS email"]
[Date "2020.06.08"]
[Round "?"]
[White "Lelito, Jerzy"]
[Black "Corti, Horacio"]
[Result "1/2-1/2"]
[WhiteElo "2269"]
[BlackElo "2263"]
[PlyCount "63"]
[EventDate "2020.06.08"]
[EventType "tourn (corr)"]
[EventRounds "12"]
[EventCountry "GER"]
[SourceTitle "Corr 2024"]
[Source "ChessBase"]
[SourceDate "2023.10.19"]
[SourceVersion "1"]
[SourceVersionDate "2023.10.19"]
[SourceQuality "1"]

1. e4 c5 2. Nf3 Nc6 3. d4 cxd4 4. Nxd4 Nf6 5. Nc3 e5 6. Ndb5 d6 7. Bg5 a6 8. Na3 b5 9. Nd5 Be7 10. Bxf6 Bxf6 11. c3 0-0 12. Nc2 Rb8 13. h4 g6 14. g3 Bg7 15. h5 Ne7 16. Nce3 Nxd5 17. Nxd5 Bb7 18. Be2 Bf6 19. Qd3 Bg5 20. Rd1 Rc8 21. Bf3 Rc5 22. Ne3 Qb6 23. Qxd6 Rc6 24. Qd3 Bxe3 25. Qxe3 Qxe3+ 26. fxe3 Kg7 27. Rd2 Kf6 28. Kf2 Kg5 29. g4 Rc4 30. Rc1 b4 31. Rd6 Rfc8 32. Be2 1/2-1/2

[Event "SM-2020-0-00420"]
[Site "LSS email"]
[Date "2020.02.07"]
[Round "?"]
[White "Lelito, Jerzy"]
[Black "Koch, Christian"]
[Result "1/2-1/2"]
[WhiteElo "2327"]
[BlackElo "2274"]
[PlyCount "56"]
[EventDate "2020.01.18"]
[EventType "tourn (corr)"]
[EventRounds "6"]
[EventCountry "GER"]
[SourceTitle "Corr 2022"]
[Source "ChessBase"]
[SourceDate "2021.10.24"]
[SourceVersion "1"]
[SourceVersionDate "2021.10.24"]
[SourceQuality "1"]

1. e4 c5 2. Nf3 d6 3. d4 cxd4 4. Nxd4 Nf6 5. Nc3 a6 6. f3 e5 7. Nb3 Be6 8. Be3 h5 9. Qd2 Nbd7 10. Nd5 Bxd5 11. exd5 g6 12. 0-0-0 Nb6 13. Qa5 Bh6 14. Bxh6 Rxh6 15. Qd2 Rh8 16. c4 Nbd7 17. Na5 Qb6 18. Bd3 Kf8 19. Kb1 Rc8 20. Rhe1 Kg7 21. b4 Rhe8 22. Bc2 Qa7 23. Rc1 b5 24. Nc6 Qb6 25. Bb3 e4 26. fxe4 Nxe4 27. Qb2+ Nef6 28. a3 bxc4 1/2-1/2

[Event "SM-2020-0-00420"]
[Site "LSS email"]
[Date "2020.02.06"]
[Round "?"]
[White "Jarabinsky, Martin"]
[Black "Lelito, Jerzy"]
[Result "0-1"]
[WhiteElo "2271"]
[BlackElo "2327"]
[PlyCount "48"]
[EventDate "2020.01.18"]
[EventType "tourn (corr)"]
[EventRounds "6"]
[EventCountry "GER"]
[SourceTitle "Corr 2022"]
[Source "ChessBase"]
[SourceDate "2021.10.24"]
[SourceVersion "1"]
[SourceVersionDate "2021.10.24"]
[SourceQuality "1"]

1. Nf3 Nf6 2. d4 d5 3. c4 e6 4. g3 Bb4+ 5. Bd2 Be7 6. Bg2 0-0 7. 0-0 c6 8. Qc2 b6 9. Rd1 Nbd7 10. b3 Ba6 11. a4 c5 12. a5 dxc4 13. bxc4 Qc8 14. d5 exd5 15. cxd5 Bxe2 16. Re1 Bxf3 17. Bxf3 Bd6 18. Nc3 Re8 19. Rxe8+ Qxe8 20. Bg2 Be5 21. Re1 Qf8 22. a6 Bxc3 23. Bxc3 Re8 24. Rxe8 Nxe8 0-1

[Event "CP-2018-Q-00001"]
[Site "LSS email"]
[Date "2018.11.28"]
[Round "?"]
[White "Pascual Perez, Norge"]
[Black "Lelito, Jerzy"]
[Result "1-0"]
[WhiteElo "2455"]
[BlackElo "2280"]
[PlyCount "71"]
[EventDate "2018.12.01"]
[EventType "tourn (corr)"]
[EventRounds "6"]
[EventCountry "GER"]
[SourceTitle "Corr 2022"]
[Source "ChessBase"]
[SourceDate "2021.10.24"]
[SourceVersion "1"]
[SourceVersionDate "2021.10.24"]
[SourceQuality "1"]

1. e4 e5 2. Nf3 Nc6 3. Bb5 Nf6 4. d3 Bc5 5. 0-0 Nd4 6. Nxd4 Bxd4 7. Ba4 0-0 8. c3 Bb6 9. Bg5 h6 10. Bh4 d6 11. h3 Kh7 12. Nd2 g5 13. Bg3 g4 14. Bh4 Rg8 15. Kh2 c6 16. f4 gxh3 17. gxh3 Be3 18. fxe5 Qd7 19. Rf5 dxe5 20. Bxf6 Bf4+ 21. Kh1 Qxd3 22. Nf3 Qxd1+ 23. Bxd1 Bxf5 24. exf5 e4 25. Ng1 Rae8 26. Bb3 Be5 27. Bxe5 Rxe5 28. Bxf7 Rd8 29. Be6 Rd2 30. Re1 Rxb2 31. Ne2 Kg7 32. Kg2 Kf6 33. Kg3 Rd2 34. Kg4 b5 35. Ng3 e3 36. Ne2 1-0

[Event "CP-2018-P-00012"]
[Site "LSS email"]
[Date "2018.09.27"]
[Round "?"]
[White "Bernal Varela, Nelson"]
[Black "Lelito, Jerzy"]
[Result "1-0"]
[WhiteElo "2402"]
[BlackElo "2281"]
[PlyCount "77"]
[EventDate "2018.10.01"]
[EventType "tourn (corr)"]
[EventRounds "6"]
[EventCountry "GER"]
[SourceTitle "Corr 2022"]
[Source "ChessBase"]
[SourceDate "2021.10.24"]
[SourceVersion "1"]
[SourceVersionDate "2021.10.24"]
[SourceQuality "1"]

1. e4 e5 2. Nf3 Nc6 3. Bc4 Nf6 4. d3 Bc5 5. 0-0 d6 6. c3 0-0 7. Re1 a5 8. Bg5 h6 9. Bh4 g5 10. Bg3 Be6 11. Nbd2 Rb8 12. Bb3 Re8 13. a4 Nd7 14. Bxe6 Rxe6 15. Nc4 Qf6 16. h3 Qg6 17. Qb3 Nb6 18. Na3 Bxa3 19. Rxa3 Nd7 20. Raa1 Ree8 21. Qc4 h5 22. b4 Nb6 23. Qb3 h4 24. Bh2 Ra8 25. d4 exd4 26. b5 Nd8 27. cxd4 Ne6 28. Qc3 Red8 29. Kh1 Rd7 30. Re2 Kh7 31. Rae1 Nxa4 32. Qd2 Rg8 33. d5 Nec5 34. Nd4 Re7 35. f3 Nb6 36. Qxa5 Ra8 37. Qc3 Ree8 38. Bg1 Nbd7 39. Nf5 1-0

[Event "CP-2018-P-00012"]
[Site "LSS email"]
[Date "2018.09.27"]
[Round "?"]
[White "Kolar, Jaroslav"]
[Black "Lelito, Jerzy"]
[Result "1/2-1/2"]
[WhiteElo "2188"]
[BlackElo "2281"]
[PlyCount "89"]
[EventDate "2018.10.01"]
[EventType "tourn (corr)"]
[EventRounds "6"]
[EventCountry "GER"]
[SourceTitle "Corr 2022"]
[Source "ChessBase"]
[SourceDate "2021.10.24"]
[SourceVersion "1"]
[SourceVersionDate "2021.10.24"]
[SourceQuality "1"]

1. d4 d5 2. c4 c6 3. cxd5 cxd5 4. Nc3 Nf6 5. e3 e6 6. Bd3 a6 7. Nf3 b5 8. 0-0 Bb7 9. b3 Bd6 10. Bb2 0-0 11. g3 Qe7 12. Rc1 Nc6 13. Ne2 Rac8 14. Ne5 Rc7 15. Bb1 Rfc8 16. Qd3 Nb4 17. Rxc7 Qxc7 18. Qd1 Nc6 19. Nd3 b4 20. Nef4 g6 21. Qe2 Ne4 22. Qe1 a5 23. f3 Nf6 24. Qd2 a4 25. bxa4 Na5 26. Rc1 Nc4 27. Qe1 Qa5 28. Bc2 Nd7 29. Bb3 Ndb6 30. e4 Nxa4 31. exd5 exd5 32. Ba1 Qb5 33. Qf2 Re8 34. Re1 Ra8 35. Qc2 Nab6 36. Ne5 Re8 37. Qc1 Nd7 38. Nfd3 Ba6 39. Nxd7 Qxd7 40. Nc5 Rxe1+ 41. Qxe1 Qb5 42. Ba4 Qa5 43. Qe8+ Kg7 44. Nxa6 Qxa6 45. Qc6 1/2-1/2

[Event "WC-2018-Q-00001"]
[Site "LSS email"]
[Date "2018.09.16"]
[Round "?"]
[White "Lelito, Jerzy"]
[Black "Bobykin, Kirill Mikhailovich"]
[Result "0-1"]
[WhiteElo "2282"]
[BlackElo "2479"]
[PlyCount "80"]
[EventDate "2018.09.22"]
[EventType "tourn (corr)"]
[EventRounds "12"]
[EventCountry "GER"]
[SourceTitle "Corr 2022"]
[Source "ChessBase"]
[SourceDate "2021.10.24"]
[SourceVersion "1"]
[SourceVersionDate "2021.10.24"]
[SourceQuality "1"]

1. e4 e5 2. Nf3 Nc6 3. Bb5 a6 4. Ba4 Nf6 5. 0-0 Be7 6. Re1 b5 7. Bb3 d6 8. c3 0-0 9. h3 Nb8 10. d4 Nbd7 11. Nbd2 Bb7 12. Bc2 c5 13. d5 c4 14. b3 cxb3 15. axb3 Qc7 16. Nb1 Rfb8 17. Bd2 a5 18. Na3 Bc8 19. Re3 h6 20. Nh2 Nh7 21. c4 b4 22. Nb5 Qb6 23. Ng4 Bg5 24. Rg3 Kf8 25. Bxg5 hxg5 26. Ne3 g6 27. Qf3 Ke7 28. Nd1 Ba6 29. Nb2 Bxb5 30. cxb5 Qxb5 31. Qd1 Qb6 32. Na4 Qd4 33. Qxd4 exd4 34. Rd3 Nc5 35. Rxd4 Nxa4 36. Rxa4 Rc8 37. Ra2 Kf6 38. f3 Ke5 39. Rd3 Nf6 40. Kf2 Nd7 0-1

[Event "WC-2018-Q-00001"]
[Site "LSS email"]
[Date "2018.09.16"]
[Round "?"]
[White "Lelito, Jerzy"]
[Black "Corti, Horacio"]
[Result "1/2-1/2"]
[WhiteElo "2282"]
[BlackElo "2292"]
[PlyCount "59"]
[EventDate "2018.09.22"]
[EventType "tourn (corr)"]
[EventRounds "12"]
[EventCountry "GER"]
[SourceTitle "Corr 2022"]
[Source "ChessBase"]
[SourceDate "2021.10.24"]
[SourceVersion "1"]
[SourceVersionDate "2021.10.24"]
[SourceQuality "1"]

1. e4 e5 2. Nf3 Nc6 3. Bb5 a6 4. Ba4 Nf6 5. 0-0 Be7 6. Re1 b5 7. Bb3 0-0 8. a4 Bb7 9. c3 d5 10. exd5 Nxd5 11. axb5 axb5 12. Rxa8 Bxa8 13. Na3 Na5 14. Bxd5 Bxd5 15. Nxe5 f6 16. Ng4 Bb3 17. Qf3 Re8 18. Nxb5 Bf8 19. Ne3 c5 20. Na3 Bf7 21. Nac2 Qd3 22. b4 Nb3 23. bxc5 Nxc1 24. Rxc1 Qxd2 25. Qd1 Qxd1+ 26. Rxd1 Rc8 27. Nd4 Rxc5 28. Ne2 Rc8 29. h4 Ra8 30. Nf4 1/2-1/2

[Event "WC-2018-Q-00001"]
[Site "LSS email"]
[Date "2018.09.16"]
[Round "?"]
[White "Lelito, Jerzy"]
[Black "Fuzishawa, Richard"]
[Result "1/2-1/2"]
[WhiteElo "2282"]
[BlackElo "2318"]
[PlyCount "42"]
[EventDate "2018.09.22"]
[EventType "tourn (corr)"]
[EventRounds "12"]
[EventCountry "GER"]
[SourceTitle "Corr 2022"]
[Source "ChessBase"]
[SourceDate "2021.10.24"]
[SourceVersion "1"]
[SourceVersionDate "2021.10.24"]
[SourceQuality "1"]

1. e4 c5 2. Nf3 d6 3. d4 cxd4 4. Nxd4 Nf6 5. Nc3 a6 6. Be3 e5 7. Nb3 Be7 8. f3 0-0 9. Qd2 b5 10. a4 bxa4 11. Nxa4 Nc6 12. Bc4 Qc7 13. Bb6 Qb7 14. Bf2 Rb8 15. Nc3 Qc7 16. Bxa6 Be6 17. Bb5 h6 18. 0-0 Bxb3 19. cxb3 Nd4 20. Bxd4 exd4 21. Qxd4 d5 1/2-1/2

[Event "WC-2018-Q-00001"]
[Site "LSS email"]
[Date "2018.09.16"]
[Round "?"]
[White "Lelito, Jerzy"]
[Black "Lehnhoff, Heinz Georg"]
[Result "1/2-1/2"]
[WhiteElo "2282"]
[BlackElo "2324"]
[PlyCount "76"]
[EventDate "2018.09.22"]
[EventType "tourn (corr)"]
[EventRounds "12"]
[EventCountry "GER"]
[SourceTitle "Corr 2022"]
[Source "ChessBase"]
[SourceDate "2021.10.24"]
[SourceVersion "1"]
[SourceVersionDate "2021.10.24"]
[SourceQuality "1"]

1. e4 c5 2. Nf3 d6 3. d4 cxd4 4. Nxd4 Nf6 5. Nc3 a6 6. f3 e5 7. Nb3 Be6 8. Be3 Be7 9. Qd2 0-0 10. 0-0-0 Nbd7 11. g4 b5 12. g5 b4 13. Ne2 Ne8 14. f4 a5 15. f5 Bxb3 16. cxb3 a4 17. bxa4 Rxa4 18. Kb1 Rxa2 19. Nc1 Ra8 20. Nb3 Qc7 21. Bb5 Nc5 22. Qc2 Nxb3 23. Qxb3 d5 24. f6 Bc5 25. Qxd5 Bxe3 26. Qxa8 Nxf6 27. Qc6 Qxc6 28. Bxc6 Bxg5 29. Ka2 Be3 30. Kb3 g5 31. Kxb4 Rb8+ 32. Ka3 Bc5+ 33. Ka2 Rb6 34. Bd5 Bd4 35. Rd2 Nxd5 36. exd5 f5 37. Rc1 Rb5 38. Rg2 g4 1/2-1/2

[Event "WC-2018-Q-00001"]
[Site "LSS email"]
[Date "2018.09.16"]
[Round "?"]
[White "Lelito, Jerzy"]
[Black "Mashchenko, Vladimir"]
[Result "1/2-1/2"]
[WhiteElo "2282"]
[BlackElo "2364"]
[PlyCount "51"]
[EventDate "2018.09.22"]
[EventType "tourn (corr)"]
[EventRounds "12"]
[EventCountry "GER"]
[SourceTitle "Corr 2022"]
[Source "ChessBase"]
[SourceDate "2021.10.24"]
[SourceVersion "1"]
[SourceVersionDate "2021.10.24"]
[SourceQuality "1"]

1. e4 c5 2. Nf3 Nc6 3. d4 cxd4 4. Nxd4 Nf6 5. Nc3 e5 6. Ndb5 d6 7. Bg5 a6 8. Na3 b5 9. Nd5 Be7 10. Bxf6 Bxf6 11. c3 Rb8 12. Nc2 Bg5 13. a4 bxa4 14. Ncb4 Nxb4 15. cxb4 0-0 16. Rxa4 a5 17. h4 Bh6 18. b5 Kh8 19. Be2 Bd7 20. Nc3 Rc8 21. Qb3 Be6 22. Bc4 Qf6 23. 0-0 Qxh4 24. Bxe6 fxe6 25. Qxe6 Bd2 26. Rxa5 1/2-1/2

[Event "WC-2018-S-00005"]
[Site "LSS email"]
[Date "2018.08.23"]
[Round "?"]
[White "Corti, Horacio"]
[Black "Lelito, Jerzy"]
[Result "1/2-1/2"]
[WhiteElo "2297"]
[BlackElo "2287"]
[PlyCount "58"]
[EventDate "2018.09.01"]
[EventType "tourn (corr)"]
[EventRounds "12"]
[EventCountry "GER"]
[SourceTitle "Corr 2022"]
[Source "ChessBase"]
[SourceDate "2021.10.24"]
[SourceVersion "1"]
[SourceVersionDate "2021.10.24"]
[SourceQuality "1"]

1. e4 e5 2. Nf3 Nc6 3. Bb5 Nf6 4. 0-0 Nxe4 5. Re1 Nd6 6. Nxe5 Be7 7. Bf1 Nxe5 8. Rxe5 0-0 9. d4 Bf6 10. Re1 Re8 11. c3 Rxe1 12. Qxe1 Ne8 13. Bf4 d5 14. Nd2 Bf5 15. Qe3 Qd7 16. Qf3 Qe6 17. Nb3 b6 18. Nc1 c6 19. h3 Be4 20. Qg3 Be7 21. f3 Bg6 22. Nd3 f6 23. Re1 Qd7 24. h4 Bf8 25. Qf2 Nc7 26. g4 Ne6 27. Bg3 Re8 28. h5 Bf7 29. Nf4 c5 1/2-1/2

[Event "WC-2018-S-00005"]
[Site "LSS email"]
[Date "2018.08.23"]
[Round "?"]
[White "Lelito, Jerzy"]
[Black "Bucek, Jiri"]
[Result "1/2-1/2"]
[WhiteElo "2287"]
[BlackElo "2530"]
[PlyCount "74"]
[EventDate "2018.09.01"]
[EventType "tourn (corr)"]
[EventRounds "12"]
[EventCountry "GER"]
[SourceTitle "Corr 2022"]
[Source "ChessBase"]
[SourceDate "2021.10.24"]
[SourceVersion "1"]
[SourceVersionDate "2021.10.24"]
[SourceQuality "1"]

1. e4 e5 2. Nf3 Nc6 3. Bb5 a6 4. Ba4 Nf6 5. 0-0 b5 6. Bb3 Bc5 7. c3 d6 8. d4 Bb6 9. a4 Bb7 10. Re1 0-0 11. Bg5 h6 12. Bh4 exd4 13. cxd4 g5 14. Nxg5 hxg5 15. Bxg5 Nxd4 16. Bd5 Ne6 17. Bh4 Bxd5 18. exd5 Ng7 19. Qf3 Re8 20. Nc3 Rxe1+ 21. Rxe1 Bd4 22. Ne4 Nge8 23. h3 bxa4 24. Nxf6+ Bxf6 25. Rxe8+ Qxe8 26. Bxf6 Qe1+ 27. Kh2 Qb1 28. h4 Rf8 29. h5 Kh7 30. Qf4 Qd3 31. Be7 Rg8 32. Qxf7+ Rg7 33. Qe6 Qc2 34. Bf6 Qxf2 35. Bxg7 Kxg7 36. Qg4+ Kh7 37. Qg6+ Kh8 1/2-1/2

[Event "WC-2018-S-00005"]
[Site "LSS email"]
[Date "2018.08.23"]
[Round "?"]
[White "Lelito, Jerzy"]
[Black "Domanov, Dmitry"]
[Result "1/2-1/2"]
[WhiteElo "2287"]
[BlackElo "2463"]
[PlyCount "83"]
[EventDate "2018.09.01"]
[EventType "tourn (corr)"]
[EventRounds "12"]
[EventCountry "GER"]
[SourceTitle "Corr 2022"]
[Source "ChessBase"]
[SourceDate "2021.10.24"]
[SourceVersion "1"]
[SourceVersionDate "2021.10.24"]
[SourceQuality "1"]

1. e4 c5 2. Nf3 d6 3. d4 cxd4 4. Nxd4 Nf6 5. Nc3 a6 6. f3 e6 7. Be3 b5 8. Qd2 Nbd7 9. g4 b4 10. Nce2 h6 11. 0-0-0 Qc7 12. h4 d5 13. Bf4 e5 14. Bh2 dxe4 15. g5 hxg5 16. hxg5 Rxh2 17. Rxh2 exd4 18. Rh4 Ng4 19. Rxg4 Nc5 20. Rh4 d3 21. Nd4 Bb7 22. Rh8 0-0-0 23. Kb1 dxc2+ 24. Qxc2 exf3 25. Qd2 Be4+ 26. Ka1 Qb6 27. Qe3 Kb7 28. Rh4 Bd5 29. Nc2 Ne6 30. Rxd5 Rxd5 31. Qxf3 Nc7 32. Rd4 Qc6 33. Rc4 Rc5 34. Rxb4+ Ka7 35. Qf2 Qd5 36. Na3 Qxg5 37. Nb1 Be7 38. Bg2 Nd5 39. Rb3 Nb6 40. Qxf7 Qe5 41. a3 Qc7 42. Qf3 1/2-1/2

[Event "RA-2018-0-00586"]
[Site "LSS email"]
[Date "2018.07.07"]
[Round "?"]
[White "Lelito, Jerzy"]
[Black "Pilgram, Kurt"]
[Result "1/2-1/2"]
[WhiteElo "2300"]
[BlackElo "2126"]
[PlyCount "45"]
[EventDate "2018.06.02"]
[EventType "tourn (corr)"]
[EventRounds "6"]
[EventCountry "GER"]
[SourceTitle "Corr 2022"]
[Source "ChessBase"]
[SourceDate "2021.10.24"]
[SourceVersion "1"]
[SourceVersionDate "2021.10.24"]
[SourceQuality "1"]

1. e4 c6 2. d4 d5 3. e5 Bf5 4. Nf3 e6 5. Be2 Ne7 6. 0-0 c5 7. Na3 Nec6 8. c4 Be4 9. Nb5 Nd7 10. dxc5 Bxc5 11. Nd6+ Bxd6 12. exd6 0-0 13. Ng5 Bg6 14. cxd5 exd5 15. f4 Qb6+ 16. Kh1 Be4 17. Nxe4 dxe4 18. b3 Rad8 19. Bb2 Nf6 20. Bxf6 gxf6 21. Qd5 Nd4 22. Bg4 Rfe8 23. d7 1/2-1/2

[Event "RA-2018-0-00586"]
[Site "LSS email"]
[Date "2018.07.07"]
[Round "?"]
[White "Lelito, Jerzy"]
[Black "Willmann, Bernd"]
[Result "1/2-1/2"]
[WhiteElo "2300"]
[BlackElo "2267"]
[PlyCount "67"]
[EventDate "2018.06.02"]
[EventType "tourn (corr)"]
[EventRounds "6"]
[EventCountry "GER"]
[SourceTitle "Corr 2022"]
[Source "ChessBase"]
[SourceDate "2021.10.24"]
[SourceVersion "1"]
[SourceVersionDate "2021.10.24"]
[SourceQuality "1"]

1. e4 c5 2. Nf3 d6 3. d4 cxd4 4. Nxd4 Nf6 5. Nc3 g6 6. Be3 Bg7 7. f3 0-0 8. Qd2 Nc6 9. Bc4 Bd7 10. 0-0-0 Rc8 11. Bb3 Nxd4 12. Bxd4 b5 13. a3 a5 14. Kb1 b4 15. axb4 axb4 16. Na2 Be6 17. Bxe6 fxe6 18. Qxb4 Ra8 19. Rhe1 Qd7 20. c3 Rfb8 21. Qc4 d5 22. exd5 Nxd5 23. Bxg7 Kxg7 24. Rd2 Kf8 25. Qd4 Kf7 26. Nc1 Qc7 27. Kc2 Rb5 28. Nd3 Rd8 29. Qe4 Rd6 30. Rdd1 Rdb6 31. Rb1 Kg8 32. c4 Rb3 33. Rbd1 Nf6 34. Qa8+ 1/2-1/2

[Event "RA-2018-0-00586"]
[Site "LSS email"]
[Date "2018.07.07"]
[Round "?"]
[White "Nowak, Ireneusz"]
[Black "Lelito, Jerzy"]
[Result "1/2-1/2"]
[WhiteElo "2197"]
[BlackElo "2300"]
[PlyCount "40"]
[EventDate "2018.06.02"]
[EventType "tourn (corr)"]
[EventRounds "6"]
[EventCountry "GER"]
[SourceTitle "Corr 2022"]
[Source "ChessBase"]
[SourceDate "2021.10.24"]
[SourceVersion "1"]
[SourceVersionDate "2021.10.24"]
[SourceQuality "1"]

1. e4 e5 2. Nf3 Nc6 3. Bb5 a6 4. Ba4 Nf6 5. 0-0 Be7 6. Re1 b5 7. Bb3 0-0 8. c3 d6 9. h3 Bb7 10. d4 Re8 11. Ng5 Rf8 12. Nf3 Nd7 13. Nbd2 exd4 14. cxd4 Re8 15. Nf1 Na5 16. Bc2 Bf6 17. Ng3 g6 18. Rb1 c5 19. d5 Nc4 20. Nh2 Bg7 1/2-1/2

[Event "CP-2018-S-00004"]
[Site "LSS email"]
[Date "2018.02.05"]
[Round "?"]
[White "Kuzmin, Konstantin"]
[Black "Lelito, Jerzy"]
[Result "1/2-1/2"]
[WhiteElo "2380"]
[BlackElo "2297"]
[PlyCount "61"]
[EventDate "2018.02.10"]
[EventType "tourn (corr)"]
[EventRounds "7"]
[EventCountry "GER"]
[SourceTitle "Corr 2022"]
[Source "ChessBase"]
[SourceDate "2021.10.24"]
[SourceVersion "1"]
[SourceVersionDate "2021.10.24"]
[SourceQuality "1"]

1. g3 d5 2. Bg2 e5 3. d3 c5 4. Nf3 Nc6 5. 0-0 Nf6 6. Nbd2 Be7 7. e4 0-0 8. exd5 Nxd5 9. Re1 f6 10. c3 Nc7 11. Ne4 Be6 12. a3 Qd7 13. Be3 b6 14. b4 cxb4 15. axb4 Rad8 16. Qa4 b5 17. Qd1 Qxd3 18. Qxd3 Rxd3 19. Rec1 Rd7 20. Ne1 Nd5 21. Nc5 Bxc5 22. Bxc5 Rc8 23. Bf1 Rb7 24. Ra6 Kf7 25. Nd3 Bf5 26. f4 Bxd3 27. Bxd3 Ndxb4 28. cxb4 Nxb4 29. Bxb4 Rxc1+ 30. Kf2 exf4 31. gxf4 1/2-1/2